000 00460nam a2200181Ia 4500
008 150909s9999 xx 000 0 und d
041 _aEnglish
082 _b-
100 _aCrichten M.I
100 _e-
245 _aProceedings of the second international symposium of trichptera *
260 _a-
260 _bDr.W Junk
260 _c1978
300 _a- Pages
650 _a-
942 _cREF
999 _c203245
_d203245